Peace and communication
Bewaard in:
| Hoofdauteur: | |
|---|---|
| Formaat: | Texto |
| Gepubliceerd in: |
San José:
Universidad para la Paz
|
| Tags: |
Voeg label toe
Geen labels, Wees de eerste die dit record labelt!
|
MARC
| LEADER | 00000 a a2200000 04500 | ||
|---|---|---|---|
| 001 | 24236 | ||
| 003 | |||
| 040 | |||
| 020 | |a 9977-925-004-6 | ||
| 090 | |a 166000 | ||
| 100 | |a Varis, Tapio | ||
| 245 | |a Peace and communication | ||
| 260 | |a San José: |b Universidad para la Paz | ||
| 300 | |a 305 p.; 2 copias |b **no definido** | ||
| 999 | |c 13490 |d 13490 | ||
